| Поле | Инд. | ПП | Название | Значение |
|---|---|---|---|---|
| Тип записи | a | |||
| Библиографический уровень | m | |||
| 001 | Контрольный номер | 9091802e-0adc-4efc-9474-21c629b98af2 | ||
| 005 | Дата корректировки | 20140703134226.7 | ||
| 008 | Кодируемые данные | 050318 | ||
| 020 | c | Цена, тираж | б/ц | |
| 040 | a | Служба первич. каталог. | НБ ТвГУ | |
| 041 | a | Код языка текста | rus | |
| 080 | a | Индекс УДК | 811.161.1'344(043.3) | |
| 084 | a | Индекс другой классификации/Индекс ББК | Ш141.12-11я031 | |
| 090 | a | Полочн. индекс | Ш141.12 | |
| x | Авторский знак | П58 | ||
| 100 | 1_ | a | Автор | Попов Михаил Борисович |
| 245 | 10 | a | Заглавие | Фонологические проблемы русского языка (синхронический и диахронический аспект) |
| b | Продолж. заглавия | автореф. дис. ... д-ра филол. наук : 10.02.01 | ||
| c | Ответственность | С.-Петерб. гос. ун-т, Каф. рус. яз. | ||
| 260 | 0_ | a | Место издания | СПб. |
| c | Дата издания | 2005 | ||
| 300 | a | Объем | 46 с. | |
| 500 | a | Примечание | На правах рукоп. | |
| 504 | a | Библиография | Библиогр.: с. 45-46. | |
| 583 | a | Действие | Получение впервые 78 17.03.2005 | |
| 650 | a | Основная рубрика | Русский язык | |
| x | Основная подрубрика | Фонетика | ||
| x | Основная подрубрика | Фонология | ||
| 653 | a | Ключевые слова | Авторефераты | |
| a | Ключевые слова | Русский язык | ||
| a | Ключевые слова | Фонетика русского языка | ||
| a | Ключевые слова | Фонология русского языка | ||
| 852 | t | Порядковый номер экземпляра | 1 | |
| p | Инвентарный номер | б/н | ||
| 888 | a | Бесплатные | ||
| 930 | a | Новая/Ретро | авторефераты | |
| 952 | p | 78.2005 б/ц 1 б/н | ||
| c | Вид литературы | А/Р н | ||
| 954 | a | Дата поступления на обработку | 20050608 | |
| 999 | a | Подразделение 2 | ч.з. |